| 000 | 01541nam a2200313 i 4500 | ||
|---|---|---|---|
| 003 | DO-SdBNP | ||
| 005 | 20251117113749.0 | ||
| 007 | ta | ||
| 008 | 221003b2022 dr a|||| |||| 00| 0 spa d | ||
| 020 | _a9789945934809 | ||
| 040 |
_aDO-SdBNP _bspa _cBNPHU _erda |
||
| 041 | _aspa | ||
| 082 | 4 |
_aRD865.44 _bD611 _222 |
|
| 100 | 1 |
_aMármol, José, _d1960- _96454 |
|
| 245 | 1 | 0 |
_aDiscurso de José Mármol para su ingreso formal como miembro de número a la Academia Dominicana de la Lengua el 28 de mayo de 2022 ; Discurso de recepción de José Rafael Lantigua, miembro de número, sillón A, en el
ingreso de José Mármol como Miembro de Número, sillón N, de la Academia Dominicana de la Lengua. _cJosé Mármol ; José Rafael Lantigua. |
| 246 | 0 | 1 | _a Discurso de recepción de José Rafael Lantigua, miembro de número, sillón A, en el ingreso de José Mármol como Miembro de Número, sillón N, de la Academia Dominicana dela Lengua. |
| 264 | 1 |
_aSanto Domingo, República Dominicana : _bAcademia Dominicana de la Lengua, _c2022. |
|
| 300 |
_a53 ; 6 páginas : _bilustraciones, fotografías ; _c23 cm. |
||
| 336 |
_atexto _btxt _2rdacontent |
||
| 337 |
_asin mediación _bn _2rdamedia |
||
| 338 |
_avolumen _bnc _2rdacarrier |
||
| 500 | _aIncluye datos biográficos de los autores en las solapas | ||
| 590 | _aInventariado, 2022/BT | ||
| 650 | 7 |
_aDiscursos dominicanos _2LEMB _930689 |
|
| 650 | 7 |
_aLiteratura dominicana _2LEMB |
|
| 710 | 2 |
_aAcademia Dominicana de la Lengua _953534 |
|
| 910 | _aBtavárez | ||
| 942 |
_2ddc _cLBS1 |
||
| 999 |
_c52512 _d52512 |
||